| 000 | 00516nam a2200193Ia 4500 | ||
|---|---|---|---|
| 005 | 20240108094158.0 | ||
| 008 | 131103s9999 xx 000 0 und d | ||
| 040 | _aLoreto College | ||
| 041 | _aEnglish | ||
| 082 |
_a428 _bHOW |
||
| 245 | _aHow to Write Reports in Plain English | ||
| 250 | _aFirst Indian Edition | ||
| 260 |
_aUK _bPlain English Campaign _c1995 |
||
| 300 | _a53 p. | ||
| 440 | _aThe Little Books Series | ||
| 650 | _aReport Writing - Communicative English | ||
| 850 | _aLCLIB | ||
| 942 | _cBK | ||
| 999 |
_c6276 _d56755 |
||